000 01825nam a22002057a 4500
999 _c6637
_d6637
003 AR-CdUCM
008 190318b ||||| |||| 00| 0 spa d
040 _aMUNICIPALIDAD PROVINCIAL DEL CUSCO
_cBIBLIOTECA MUNICIPAL DEL CUSCO
082 _a086.970 /
_bC81Q
110 _aCOMISIÓN NACIONAL DEL SESQUICENTENARIO DE LA INDEPENDENCIA DEL PERU
_918664
245 _aQuinto Congreso Internacional de historia de América. Lima, 31 de julio - 6 de agosto de 1971 /
_bCOMISION NACIONAL DEL SESQUICENTENARIO DE LA INDEPENDENCIA DEL PERU.
260 _aLima :
_bCNSIP,
_c1972.
300 _a5 tomos ;
_c23n cm.
505 _aContenido :t.1:Sesión preparatoria del V congreso internacional de historia de América,Sesión solemne de apertura,Acto académico de homenaje al sesquicentenario nacional e inaguracion de la exposición de documentos y libros de la independencia... --t.2:Tupac Amaru y la ptoyeccion de su pensamiento en Cadiz, Levantamiento tupacamarista, El heroismo revolucionario de Micaela Bastidas ...--t.3:Creación de la escuadra libertadora y sus campañas en el pacifico, previas a la liberación del Perú, Campaña y obra de gobierno de Bolívar en el Perú, Bernardo Monteagudo y la emancipación latinoamericana --t.4:Antonio de Andueza y Gregorio de Guinea, diputados electos a la corte del Cadiz, Simón Bolívar y la división política del Perú, Gaspar Hernandez, peruano precursor de la Emancipación dominicana...--t.5:La política de gran Bretaña en el rió de la plata y su influencia en la revolución de Zela, Carlos Pereyra y su pensamiento sobre la emancipación Hispanoamericana, El derecho de ciudadanía activa como reflejo de la ideología emancipadora ...
650 _aAmerica
_91348
650 _aHistoria
_944022
650 _aCongresos
_92448
942 _2ddc
_cLIBROS
945 _arjall